Собрание сочинений Анри де Ренье. Т.5: Полуночная свадьба (Запись № 13492578)

Подробности
000 -МАРКЕР
контрольное поле 00805nam2a22002051 4500
001 - ИДЕНТИФИКАТОР ЗАПИСИ
контрольное поле RU\NLR\A1SV\145467
005 - ИДЕНТИФИКАТОР ВЕРСИИ
контрольное поле 20251214192803.0
035 ## - ДРУГИЕ СИСТЕМНЫЕ НОМЕРА
Идентификатор записи (NLR Aleph) 011240051
100 ## - ДАННЫЕ ОБЩЕЙ ОБРАБОТКИ
Данные общей обработки 20160825d1925 u y0rusy50 ca
101 0# - ЯЗЫК РЕСУРСА
Язык текста, звукозаписи и т.д. русский
200 1# - ЗАГЛАВИЕ И СВЕДЕНИЯ ОБ ОТВЕТСТВЕННОСТИ
Основное заглавие Полуночная свадьба
Параллельное заглавие (Le mariage de minuit)
Сведения, относящиеся к заглавию Роман
Первые сведения об ответственности Пер. и предисл. А.А.Смирнова
210 ## - ПУБЛИКАЦИЯ, РАСПРОСТРАНЕНИЕ И ДР.
Дата издания, распространения и т.д. 1925
215 ## - ФИЗИЧЕСКАЯ ХАРАКТЕРИСТИКА
Специфическое обозначение материала и объем 349 с., 1 л. фронт.
461 #1 - УРОВЕНЬ НАБОРА
Встроенное поле 001RU\NLR\A1SV\108510
-- 2000#$vТ.5
Системный номер (АБИС) связанной записи 10131863
Автор Ренье, А. де (1864-1936)
Место публикации Л.
Дата публикации 1923-1927
Первые сведения об ответственности Анри де Ренье
Имя издателя, распространителя и т.д. Academia
Сведения, относящиеся к заглавию В 17 [19!] т. : Пер. с фр.
Заглавие Собрание сочинений Анри де Ренье
Номер тома Т.5
801 #0 - ИСТОЧНИК ЗАПИСИ
Страна Российская Федерация
Организация NLR
Дата составления 20160825
942 ## - ДОПОЛНИТЕЛЬНЫЕ ЭЛЕМЕНТЫ ЗАПИСИ (АБИС)
Тип экземпляра АБИС Книга
980 ## - КОЛЛЕКЦИЯ
Название коллекции Международный сводный каталог русской книги (1918-1926)
980 ## - КОЛЛЕКЦИЯ
Название коллекции Национальная библиография

Нет доступных экземпляров.